[Event "Sofia Accedia op"]
[Site "Sofia"]
[Date "2023.03.25"]
[Round "4"]
[White "Dimitrov, Stefan1111"]
[Black "Georgiev, Todor"]
[Result "0-1"]
[WhiteElo "1818"]
[BlackElo "2164"]
[PlyCount "116"]
[EventDate "2023.03.25"]
[EventType "swiss"]
[EventRounds "9"]
[EventCountry "BUL"]
[SourceTitle "CBM 213 Extra"]
[Source "ChessBase"]
[SourceDate "2023.05.31"]
[SourceVersion "1"]
[SourceVersionDate "2023.05.31"]
[SourceQuality "1"]

1. c4 g6 2. Nc3 Bg7 3. g3 e5 4. Bg2 Ne7 5. e3 0-0 6. Nge2 d6 7. d3 c5 8. 0-0 Nbc6 9. a3 Be6 10. Rb1 d5 11. cxd5 Nxd5 12. h3 b6 13. Kh2 Rc8 14. Qa4 Qd7 15. Bd2 Rfd8 16. Rfd1 Nce7 17. Qxd7 Rxd7 18. Nxd5 Bxd5 19. Bxd5 Rxd5 20. Bc3 Rcd8 21. b4 cxb4 22. axb4 Rxd3 23. Rdc1 Nd5 24. Be1 e4 25. Rc2 f5 26. Kg2 Kf7 27. Ra2 Rd7 28. Rc2 Rc7 29. Rbc1 Rxc2 30. Rxc2 Ke6 31. Nf4+ Nxf4+ 32. gxf4 a6 33. Kf1 Rd6 34. Ke2 Kd7 35. Ra2 b5 36. Rc2 Rc6 37. Rd2+ Rd6 38. Rc2 Bf6 39. Rc5 Be7 40. Re5 Re6 41. Rd5+ Rd6 42. Re5 Bf6 43. Rc5 Rc6 44. Rd5+ Ke6 45. Rd2 Rc1 46. Ra2 Rc6 47. Rd2 Be7 48. Ra2 Kd7 49. Rd2+ Kc7 50. Ra2 Kb7 51. Bd2 Rc4 52. Rb2 Kc6 53. f3 exf3+ 54. Kxf3 Bf6 55. Rb3 Rc2 56. Rd3 Rb2 57. Bc3 Rb3 58. Bxf6 Rxd3 0-1

[Event "Sofia Accedia op"]
[Site "Sofia"]
[Date "2023.03.25"]
[Round "3"]
[White "Georgiev, Todor"]
[Black "Ninchev, Daniel"]
[Result "1-0"]
[WhiteElo "2164"]
[BlackElo "1913"]
[PlyCount "63"]
[EventDate "2023.03.25"]
[EventType "swiss"]
[EventRounds "9"]
[EventCountry "BUL"]
[SourceTitle "CBM 213 Extra"]
[Source "ChessBase"]
[SourceDate "2023.05.31"]
[SourceVersion "1"]
[SourceVersionDate "2023.05.31"]
[SourceQuality "1"]

1. d4 f5 2. Nf3 e6 3. g3 Nf6 4. Bg2 Be7 5. 0-0 0-0 6. c4 d6 7. Nc3 Qe8 8. Rb1 Qh5 9. b4 Nbd7 10. Qc2 e5 11. dxe5 dxe5 12. e4 fxe4 13. Nxe4 Ng4 14. h3 Nh6 15. Neg5 Nf6 16. c5 e4 17. Ne5 Kh8 18. Qd1 Qe8 19. Bb2 Bf5 20. Qb3 Rd8 21. Ne6 Bxe6 22. Qxe6 Rd2 23. Bc3 Rc2 24. Rbc1 Rxc1 25. Rxc1 Bd8 26. Qxe8 Rxe8 27. Nc4 Nf5 28. Rd1 c6 29. g4 Ne7 30. Nd6 Rf8 31. g5 Nh5 32. Bf1 1-0

[Event "Sofia Accedia op"]
[Site "Sofia"]
[Date "2023.03.25"]
[Round "7"]
[White "Kanazirev, Pavel"]
[Black "Georgiev, Todor"]
[Result "1-0"]
[WhiteElo "2114"]
[BlackElo "2164"]
[PlyCount "65"]
[EventDate "2023.03.25"]
[EventType "swiss"]
[EventRounds "9"]
[EventCountry "BUL"]
[SourceTitle "CBM 213 Extra"]
[Source "ChessBase"]
[SourceDate "2023.05.31"]
[SourceVersion "1"]
[SourceVersionDate "2023.05.31"]
[SourceQuality "1"]

1. Nf3 g6 2. e4 Bg7 3. d4 c6 4. Nbd2 d5 5. e5 f6 6. Be2 Nd7 7. exf6 exf6 8. 0-0 Ne7 9. Re1 0-0 10. Nb3 Re8 11. Bf4 Nf8 12. h3 Ne6 13. Bh2 Bh6 14. a4 Nf5 15. c4 Nf4 16. Bf1 dxc4 17. Bxc4+ Nd5 18. a5 Rxe1+ 19. Qxe1 Qe7 20. Qxe7 Nfxe7 21. Nc5 Kf8 22. g4 Bf4 23. Ra3 Bxh2+ 24. Kxh2 g5 25. Nd2 Nf4 26. Nde4 Ned5 27. Nd6 h5 28. Nxc8 Rxc8 29. Nxb7 hxg4 30. hxg4 Rb8 31. a6 Kg7 32. Ra5 Rh8+ 33. Kg1 1-0

[Event "Plovdiv Trainers and Students 2nd"]
[Site "Plovdiv"]
[Date "2022.10.04"]
[Round "8"]
[White "Georgiev, Todor"]
[Black "Kopylov, Daniel"]
[Result "1/2-1/2"]
[WhiteElo "2264"]
[BlackElo "2320"]
[PlyCount "71"]
[EventDate "2022.09.29"]
[EventType "swiss"]
[EventRounds "9"]
[EventCountry "BUL"]
[SourceTitle "CBM 210 Extra"]
[Source "ChessBase"]
[SourceDate "2022.11.30"]
[SourceVersion "1"]
[SourceVersionDate "2022.11.30"]
[SourceQuality "1"]

1. d4 Nf6 2. c4 g6 3. Nc3 d5 4. Bf4 Bg7 5. e3 0-0 6. cxd5 Nxd5 7. Nxd5 Qxd5 8. Bxc7 Na6 9. Bxa6 Qxg2 10. Qf3 Qxf3 11. Nxf3 bxa6 12. Rg1 f6 13. Rc1 Bd7 14. Rc5 Rf7 15. h4 Bf8 16. Ba5 e5 17. Rc1 Bd6 18. h5 exd4 19. hxg6 hxg6 20. Rxg6+ Kh7 21. Rg2 dxe3 22. fxe3 Rg8 23. Rxg8 Kxg8 24. Bc7 Bg4 25. Bxd6 Bxf3 26. Rc8+ Kg7 27. Bc5 Bd5 28. b3 Rd7 29. Bd4 a5 30. Rc5 a4 31. bxa4 Bxa2 32. Ra5 Bc4 33. Kd2 a6 34. Kc3 Rc7 35. Kb4 Kg6 36. Rc5 1/2-1/2

[Event "Plovdiv Trainers and Students 2nd"]
[Site "Plovdiv"]
[Date "2022.10.01"]
[Round "4"]
[White "Georgiev, Todor"]
[Black "Pajeken, Jakob Leon"]
[Result "0-1"]
[WhiteElo "2264"]
[BlackElo "2461"]
[PlyCount "106"]
[EventDate "2022.09.29"]
[EventType "swiss"]
[EventRounds "9"]
[EventCountry "BUL"]
[SourceTitle "CBM 210 Extra"]
[Source "ChessBase"]
[SourceDate "2022.11.30"]
[SourceVersion "1"]
[SourceVersionDate "2022.11.30"]
[SourceQuality "1"]

1. d4 Nf6 2. Nf3 e6 3. Bf4 c5 4. c3 Be7 5. e3 Nh5 6. Bg3 Nc6 7. Nbd2 d5 8. Bd3 Nxg3 9. hxg3 h6 10. Qe2 Bd7 11. dxc5 Bxc5 12. e4 dxe4 13. Nxe4 Be7 14. 0-0-0 Qc7 15. Kb1 0-0-0 16. Rhe1 Kb8 17. Qe3 Ne5 18. Nxe5 Qxe5 19. f4 Qc7 20. Nd2 Bc5 21. Qf3 Rhe8 22. Nb3 Bf8 23. g4 Ba4 24. Bc2 Be7 25. Be4 Rd6 26. Rxd6 Bxd6 27. Rd1 Rd8 28. f5 exf5 29. gxf5 Be7 30. Rxd8+ Bxd8 31. Qd3 Bf6 32. Nd2 Qd7 33. Qe2 Bb5 34. Qe1 Bd3+ 35. Kc1 Bxe4 36. Nxe4 Qxf5 37. Qg3+ Be5 38. Qd3 a6 39. Qd8+ Ka7 40. Qd3 g5 41. b4 Qf4+ 42. Kc2 f5 43. Nc5 Bd6 44. Qd5 Qf2+ 45. Kb3 Bxc5 46. bxc5 Qf1 47. a4 Qb1+ 48. Ka3 Qe4 49. Qxe4 fxe4 50. Kb3 h5 51. Kc4 h4 52. Kd4 g4 53. Kxe4 h3 0-1

[Event "Plovdiv Trainers and Students 2nd"]
[Site "Plovdiv"]
[Date "2022.10.01"]
[Round "3"]
[White "Mehmed, Elif"]
[Black "Georgiev, Todor"]
[Result "0-1"]
[WhiteElo "2189"]
[BlackElo "2264"]
[PlyCount "90"]
[EventDate "2022.09.29"]
[EventType "swiss"]
[EventRounds "9"]
[EventCountry "BUL"]
[SourceTitle "CBM 210 Extra"]
[Source "ChessBase"]
[SourceDate "2022.11.30"]
[SourceVersion "1"]
[SourceVersionDate "2022.11.30"]
[SourceQuality "1"]

1. e4 g6 2. d4 Bg7 3. Nc3 c6 4. Nf3 d5 5. h3 dxe4 6. Nxe4 Nd7 7. Bd3 Ngf6 8. c3 0-0 9. 0-0 Nxe4 10. Bxe4 c5 11. Be3 Qc7 12. Qe2 cxd4 13. Nxd4 a6 14. a4 Nf6 15. Bc2 Nd5 16. Bg5 e5 17. Nf3 Be6 18. Rfe1 f6 19. Bd2 Rac8 20. Bb3 Kh8 21. Ba2 Rfe8 22. Rec1 Qf7 23. c4 Ne7 24. a5 g5 25. Qe4 Ng6 26. b3 f5 27. Qe3 h6 28. Bc3 e4 29. Bxg7+ Qxg7 30. Nd4 Bd7 31. Ne2 f4 32. Qb6 f3 33. Ng3 fxg2 34. Nh5 Qf7 35. Rd1 Bc6 36. Rd6 e3 37. Qd4+ Ne5 38. Rxh6+ Kg8 39. Nf6+ Kg7 40. Rh7+ Kxf6 41. Qd6+ Re6 42. Rxf7+ Kxf7 43. Qd1 e2 44. Qb1 e1Q+ 45. Qxe1 Nf3+ 0-1

[Event "Plovdiv Trainers and Students 2nd"]
[Site "Plovdiv"]
[Date "2022.09.30"]
[Round "2"]
[White "Kanov, Nikola"]
[Black "Georgiev, Todor"]
[Result "1-0"]
[WhiteElo "2304"]
[BlackElo "2264"]
[PlyCount "117"]
[EventDate "2022.09.29"]
[EventType "swiss"]
[EventRounds "9"]
[EventCountry "BUL"]
[SourceTitle "CBM 210 Extra"]
[Source "ChessBase"]
[SourceDate "2022.11.30"]
[SourceVersion "1"]
[SourceVersionDate "2022.11.30"]
[SourceQuality "1"]

1. e4 g6 2. d4 Bg7 3. Nc3 a6 4. Be3 d6 5. h4 Nf6 6. h5 Nxh5 7. Rxh5 gxh5 8. Qxh5 e6 9. Nf3 h6 10. 0-0-0 Nc6 11. Ne2 Bd7 12. Nf4 Qf6 13. Rd3 0-0-0 14. Rb3 e5 15. Nd5 Qg6 16. Qh1 Qxe4 17. Nc3 Qg4 18. dxe5 Be6 19. Ra3 dxe5 20. Be2 Qb4 21. Ra4 Qe7 22. Qf1 f5 23. Bxa6 bxa6 24. Rxa6 Nb4 25. Ra8+ Kd7 26. Qb5+ Nc6 27. Ra6 Ke8 28. Qxc6+ Kf7 29. Ra7 Rd7 30. Bc5 Qd8 31. g4 fxg4 32. Ne1 Re8 33. Nd3 Kg8 34. Be3 Bf5 35. Qc4+ Kh7 36. Nc5 Rd4 37. Qe2 Bg6 38. a4 Qh4 39. Qe1 Qd8 40. a5 Rb4 41. a6 Qc8 42. Qe2 Rg8 43. Rb7 Rb6 44. N3a4 Rd6 45. a7 Qf5 46. Nc3 Rb6 47. Rxc7 Rc8 48. Nd7 Rxc7 49. a8Q Rxb2 50. Nf8+ Bxf8 51. Kxb2 Bb4 52. Ne4 Qxe4 53. Qxe4 Bxe4 54. Qxg4 Bc3+ 55. Kb3 Bd5+ 56. Ka3 Rb7 57. Qf5+ Kg7 58. Qc8 Bb4+ 59. Ka4 1-0

[Event "Olympiad-44"]
[Site "Chennai"]
[Date "2022.08.02"]
[Round "5.3"]
[White "Georgiev, Todor"]
[Black "Arunnuntapanich, Tinnakrit"]
[Result "0-1"]
[WhiteElo "2272"]
[BlackElo "2117"]
[PlyCount "132"]
[EventDate "2022.07.29"]
[EventType "team-swiss"]
[EventRounds "11"]
[EventCountry "IND"]
[SourceTitle "CBM 210"]
[Source "ChessBase"]
[SourceDate "2022.10.31"]
[SourceVersion "1"]
[SourceVersionDate "2022.10.31"]
[SourceQuality "1"]
[WhiteTeam "Bulgaria"]
[BlackTeam "Thailand"]
[WhiteTeamCountry "BUL"]
[BlackTeamCountry "THA"]

1. d4 Nf6 2. c4 g6 3. Nc3 Bg7 4. e4 d6 5. f4 c5 6. d5 0-0 7. Nf3 e6 8. Be2 exd5 9. cxd5 Re8 10. e5 dxe5 11. fxe5 Ng4 12. e6 fxe6 13. d6 Bd7 14. 0-0 Nc6 15. Ne4 Rf8 16. h3 Nge5 17. Be3 Nxf3+ 18. Bxf3 b6 19. Bg5 Qc8 20. Be7 Rf7 21. Bg4 Bd4+ 22. Kh1 Rxf1+ 23. Qxf1 Nxe7 24. dxe7 Qe8 25. Qf3 h5 26. Bxe6+ Bxe6 27. Nd6 Qxe7 28. Qxa8+ Kg7 29. Ne4 Qd7 30. Rf1 Qe7 31. b3 Bf5 32. Ng3 Bd3 33. Rd1 Bc2 34. Rf1 h4 35. Qf3 hxg3 36. Qxg3 Be4 37. Qg4 Bd5 38. h4 Qe4 39. Qxe4 Bxe4 40. Re1 Bd5 41. Re7+ Kf6 42. Rxa7 b5 43. Ra5 b4 44. Kh2 Kf5 45. Ra6 Be4 46. Kg3 Be5+ 47. Kh3 Kf4 48. g4 Bd3 49. Re6 Bd4 50. Rb6 Kf3 51. h5 g5 52. Re6 Be3 53. Kh2 Bf4+ 54. Kg1 Kxg4 55. h6 Kh5 56. Kf2 Bf5 57. Rc6 Be5 58. Kf3 g4+ 59. Ke3 g3 60. Rxc5 g2 61. Rc1 Kxh6 62. Kf3 Bh3 63. Kf2 Kg5 64. Rc5 Kf6 65. Rc6+ Kf5 66. Rc5 Ke4 0-1

[Event "Olympiad-44"]
[Site "Chennai"]
[Date "2022.08.01"]
[Round "4.3"]
[White "Banikas, Hristos"]
[Black "Georgiev, Todor"]
[Result "1-0"]
[WhiteElo "2598"]
[BlackElo "2272"]
[PlyCount "70"]
[EventDate "2022.07.29"]
[EventType "team-swiss"]
[EventRounds "11"]
[EventCountry "IND"]
[SourceTitle "CBM 210"]
[Source "ChessBase"]
[SourceDate "2022.10.31"]
[SourceVersion "1"]
[SourceVersionDate "2022.10.31"]
[SourceQuality "1"]
[WhiteTeam "Greece"]
[BlackTeam "Bulgaria"]
[WhiteTeamCountry "GRE"]
[BlackTeamCountry "BUL"]

1. d4 Nf6 2. c4 g6 3. g3 Bg7 4. Bg2 0-0 5. Nc3 d6 6. Nf3 Nc6 7. 0-0 e5 8. dxe5 dxe5 9. Bg5 Be6 10. Qc1 Qc8 11. Rd1 Nd7 12. Nd5 Re8 13. Bh6 f6 14. Bxg7 Kxg7 15. b3 a5 16. Qa3 Bg4 17. Rd2 Nf8 18. Ne1 h5 19. Rad1 h4 20. gxh4 Nd4 21. f3 Be6 22. e4 Bf7 23. Qb2 c6 24. Nb6 Qc7 25. Nxa8 Rxa8 26. c5 Nfe6 27. Nc2 Qe7 28. Qc3 Nb5 29. Qe3 Nxc5 30. h5 g5 31. h4 Rh8 32. hxg5 fxg5 33. Bh3 Rxh5 34. Bf5 Bg6 35. Rd7 Kf6 1-0

[Event "Primorsko Ropotamo"]
[Site "Primorsko"]
[Date "2022.06.01"]
[Round "1"]
[White "Georgiev, Todor"]
[Black "Cupic, Lovro"]
[Result "1/2-1/2"]
[WhiteElo "2279"]
[BlackElo "2271"]
[PlyCount "96"]
[EventDate "2022.06.01"]
[EventType "tourn"]
[EventRounds "9"]
[EventCountry "BUL"]
[SourceTitle "EXT 2023"]
[Source "ChessBase"]
[SourceDate "2022.10.05"]
[SourceVersion "1"]
[SourceVersionDate "2022.10.05"]
[SourceQuality "1"]

1. d4 d5 2. c4 c6 3. cxd5 cxd5 4. Bf4 Nc6 5. e3 Nf6 6. Nc3 Bg4 7. Qb3 Na5 8. Qa4+ Bd7 9. Bb5 Nc6 10. Qd1 e6 11. Nf3 Be7 12. Bd3 0-0 13. Ne5 Ne8 14. 0-0 f6 15. Qh5 f5 16. f3 Nxe5 17. Bxe5 Nf6 18. Qh3 Qb6 19. Rf2 Bd6 20. Bxd6 Qxd6 21. Qg3 Ne8 22. Qxd6 Nxd6 23. Rc2 Rac8 24. Rac1 b5 25. Ne2 Rxc2 26. Rxc2 Rc8 27. Rxc8+ Bxc8 28. b4 Kf7 29. Nc3 Bd7 30. e4 dxe4 31. fxe4 fxe4 32. Nxe4 Nxe4 33. Bxe4 e5 34. dxe5 Ke6 35. Kf2 Kxe5 36. Ke3 h6 37. a3 Be6 38. g3 Bc4 39. Bc6 Bf1 40. Bb7 Bh3 41. Bc6 Bf1 42. Bd7 Bc4 43. Be8 Bf1 44. Bf7 Bg2 45. Be8 Bf1 46. Bc6 Bc4 47. Be8 Bf1 48. Bf7 Bg2 1/2-1/2

[Event "PNWCC-Bulgaria Hybrid m2"]
[Site "Chess.com INT"]
[Date "2021.12.20"]
[Round "6"]
[White "Georgiev, Todor"]
[Black "Sivakumar, Shaaketh"]
[Result "1-0"]
[WhiteElo "2286"]
[BlackElo "2109"]
[PlyCount "79"]
[EventDate "2021.12.18"]
[EventType "team-match"]
[EventRounds "12"]
[EventCountry "USA"]
[SourceTitle "CBM 206 Extra"]
[Source "ChessBase"]
[SourceDate "2022.03.31"]
[SourceVersion "1"]
[SourceVersionDate "2022.03.31"]
[SourceQuality "1"]
[WhiteTeam "Bulgaria"]
[BlackTeam "PNWCC"]
[WhiteTeamCountry "BUL"]
[BlackTeamCountry "USA"]

1. d4 e6 2. g3 d5 3. Nf3 c5 4. dxc5 Bxc5 5. Bg2 Nf6 6. 0-0 0-0 7. Nbd2 Nc6 8. c4 Qe7 9. a3 a5 10. cxd5 Nxd5 11. e4 Nc7 12. e5 Rd8 13. Qc2 Nd5 14. Ne4 Ba7 15. Bg5 f6 16. exf6 gxf6 17. Bh4 e5 18. Rad1 Nd4 19. Nxd4 Bxd4 20. Rfe1 Bf5 21. Qb3 Kg7 22. g4 Bg6 23. g5 f5 24. Nf6 Nf4 25. Bg3 Nxg2 26. Kxg2 Qc7 27. Rxd4 Qc6+ 28. Rd5 f4 29. Qf3 fxg3 30. hxg3 e4 31. Rxe4 Bxe4 32. Qxe4 Rxd5 33. Qxh7+ Kf8 34. Qg8+ Ke7 35. Nxd5+ Kd6 36. Qxa8 Qxd5+ 37. Kh2 Qf3 38. Qd8+ Kc5 39. Qxa5+ Kc6 40. Qc3+ 1-0

[Event "Primorsko op"]
[Site "Primorsko"]
[Date "2021.09.21"]
[Round "9"]
[White "Mitev, Valentin"]
[Black "Georgiev, Todor"]
[Result "0-1"]
[WhiteElo "2223"]
[BlackElo "2247"]
[PlyCount "77"]
[EventDate "2021.09.13"]
[EventType "swiss"]
[EventRounds "9"]
[EventCountry "BUL"]
[SourceTitle "CBM 204 Extra"]
[Source "ChessBase"]
[SourceDate "2021.11.30"]
[SourceVersion "1"]
[SourceVersionDate "2021.11.30"]
[SourceQuality "1"]

1. d4 g6 2. e4 Bg7 3. Nc3 a6 4. a4 d6 5. Be3 Nd7 6. Nf3 e5 7. dxe5 Nxe5 8. Nxe5 Bxe5 9. Qd2 Be6 10. Bd3 Ne7 11. f4 Bg7 12. f5 gxf5 13. 0-0 f4 14. Bxf4 Qd7 15. Nd5 h6 16. Bg3 0-0-0 17. Bh4 Ng6 18. Bxd8 Qxd8 19. c3 Be5 20. Qf2 Kb8 21. Ra3 c6 22. Ne3 Nf4 23. Rd1 Rg8 24. Kh1 Qg5 25. Bf1 Nh5 26. Bd3 Bf4 27. Nf1 Nf6 28. g3 Ng4 29. Qf3 Be5 30. b4 f5 31. b5 f4 32. bxc6 fxg3 33. hxg3 Nf2+ 34. Qxf2 Qh5+ 35. Kg1 Qxd1 36. Qb6 Rxg3+ 37. Kf2 Rf3+ 38. Kg2 Bh3+ 39. Kg1 0-1

[Event "Primorsko op"]
[Site "Primorsko"]
[Date "2021.09.20"]
[Round "8"]
[White "Georgiev, Todor"]
[Black "Yordanov, Lachezar"]
[Result "0-1"]
[WhiteElo "2247"]
[BlackElo "2296"]
[PlyCount "92"]
[EventDate "2021.09.13"]
[EventType "swiss"]
[EventRounds "9"]
[EventCountry "BUL"]
[SourceTitle "CBM 204 Extra"]
[Source "ChessBase"]
[SourceDate "2021.11.30"]
[SourceVersion "1"]
[SourceVersionDate "2021.11.30"]
[SourceQuality "1"]

1. e4 c6 2. d3 d5 3. Nd2 e5 4. Ngf3 Bd6 5. Be2 Nf6 6. 0-0 0-0 7. Re1 Nbd7 8. Bf1 Re8 9. c3 a5 10. a4 Qc7 11. Qc2 b6 12. g3 Bb7 13. Bg2 Bf8 14. Nf1 dxe4 15. dxe4 Ba6 16. Bg5 h6 17. Bxf6 Nxf6 18. Ne3 Rad8 19. Rad1 Bc5 20. Nh4 Bxe3 21. Rxe3 Rxd1+ 22. Qxd1 Rd8 23. Qc1 Qd6 24. Nf5 Qd1+ 25. Re1 Qxa4 26. Bf3 Kh7 27. h4 Bc8 28. Ne3 Be6 29. Bd1 Qb5 30. Bc2 Qc5 31. Rd1 Qe7 32. Rd2 Rxd2 33. Qxd2 Qd7 34. Qe2 b5 35. f3 Kg8 36. Kf2 a4 37. Bd3 Ne8 38. f4 exf4 39. gxf4 Qe7 40. Kg3 Bd7 41. Qf3 Qd6 42. Bf1 Qd2 43. Bh3 Qxb2 44. Nf5 a3 45. e5 a2 46. Qxc6 a1Q 0-1

[Event "Primorsko op"]
[Site "Primorsko"]
[Date "2021.09.15"]
[Round "3"]
[White "Georgiev, Todor"]
[Black "Smolin, Sergey"]
[Result "1-0"]
[WhiteElo "2247"]
[BlackElo "2144"]
[PlyCount "53"]
[EventDate "2021.09.13"]
[EventType "swiss"]
[EventRounds "9"]
[EventCountry "BUL"]
[SourceTitle "CBM 204 Extra"]
[Source "ChessBase"]
[SourceDate "2021.11.30"]
[SourceVersion "1"]
[SourceVersionDate "2021.11.30"]
[SourceQuality "1"]

1. d4 g6 2. c4 Bg7 3. Nc3 d6 4. h4 h6 5. e4 Nc6 6. Be3 e5 7. d5 Nce7 8. h5 gxh5 9. Be2 h4 10. Nf3 Ng6 11. g3 hxg3 12. fxg3 Nf6 13. Nh4 a6 14. Qd2 Ng4 15. Nf5 Bxf5 16. exf5 Nxe3 17. fxg6 Nf5 18. gxf7+ Kf8 19. Ne4 Qe7 20. 0-0-0 h5 21. Kb1 Bh6 22. Qd3 h4 23. Rdf1 Nd4 24. Rxh4 Bg7 25. Rxh8+ Bxh8 26. Qd2 Bg7 27. Bg4 1-0

[Event "Primorsko op"]
[Site "Primorsko"]
[Date "2021.09.13"]
[Round "1"]
[White "Georgiev, Todor"]
[Black "Karaivanova, Petya F"]
[Result "1-0"]
[WhiteElo "2247"]
[BlackElo "1917"]
[PlyCount "97"]
[EventDate "2021.09.13"]
[EventType "swiss"]
[EventRounds "9"]
[EventCountry "BUL"]
[SourceTitle "CBM 204 Extra"]
[Source "ChessBase"]
[SourceDate "2021.11.30"]
[SourceVersion "1"]
[SourceVersionDate "2021.11.30"]
[SourceQuality "1"]

1. d4 d5 2. c4 c6 3. cxd5 cxd5 4. Bf4 Nc6 5. e3 Nf6 6. Nc3 e6 7. Bd3 Bd6 8. Bxd6 Qxd6 9. f4 h5 10. Nf3 Ng4 11. Qd2 f5 12. 0-0 a6 13. Be2 Bd7 14. Rac1 b5 15. Nd1 Nf6 16. Qe1 Ne7 17. Ne5 0-0 18. Nf2 Ng4 19. Qd2 g6 20. Nfd3 Kg7 21. Bxg4 hxg4 22. Qb4 Qxb4 23. Nxb4 Be8 24. Rc7 Kf6 25. Rfc1 Rg8 26. Rb7 a5 27. Nbd3 Rc8 28. Rcc7 Rxc7 29. Rxc7 g5 30. fxg5+ Rxg5 31. Nf4 Ng8 32. Rc8 Ke7 33. Ra8 Nf6 34. Rxa5 g3 35. Ra7+ Nd7 36. hxg3 Rxg3 37. Kf2 Rg8 38. Ra6 Bf7 39. Nxd7 Kxd7 40. Ra7+ Ke8 41. Rb7 Kf8 42. Rxb5 Kg7 43. Rb7 Kf8 44. Rb6 Ke7 45. a4 Ra8 46. b3 Rc8 47. a5 Rc2+ 48. Kf3 Ra2 49. a6 1-0

[Event "Primorsko op"]
[Site "Primorsko"]
[Date "2020.09.21"]
[Round "8"]
[White "Georgiev, Todor"]
[Black "Yanev, Yordan"]
[Result "1-0"]
[WhiteElo "2296"]
[BlackElo "1909"]
[PlyCount "73"]
[EventDate "2020.09.14"]
[EventType "swiss"]
[EventRounds "9"]
[EventCountry "BUL"]
[SourceTitle "CBM 198 Extra"]
[Source "ChessBase"]
[SourceDate "2020.11.30"]
[SourceVersion "1"]
[SourceVersionDate "2020.11.30"]
[SourceQuality "1"]

1. d4 Nf6 2. c4 g6 3. Nc3 Bg7 4. e4 d6 5. Be2 0-0 6. Bg5 h6 7. Be3 e5 8. d5 a5 9. h4 Na6 10. h5 g5 11. g4 c5 12. f3 Bd7 13. Bd3 Ne8 14. Nge2 Nec7 15. Ng3 f6 16. 0-0 Rf7 17. Bc2 b5 18. cxb5 Nxb5 19. Ba4 Nd4 20. Bxd7 Rxd7 21. Bxd4 cxd4 22. Na4 Rc7 23. Qd2 Nc5 24. Nxc5 dxc5 25. b3 Bf8 26. Qd3 a4 27. Nf5 Rb7 28. Rab1 axb3 29. Rxb3 Rba7 30. d6 Ra4 31. Rc1 Bxd6 32. Rb7 c4 33. Rxc4 Ra3 34. Qb1 Bf8 35. Rcc7 R8a4 36. Qb6 Ra6 37. Rg7+ 1-0

[Event "Primorsko op"]
[Site "Primorsko"]
[Date "2020.09.18"]
[Round "5"]
[White "Georgiev, Todor"]
[Black "Spasov, Vasil"]
[Result "0-1"]
[WhiteElo "2296"]
[BlackElo "2495"]
[PlyCount "65"]
[EventDate "2020.09.14"]
[EventType "swiss"]
[EventRounds "9"]
[EventCountry "BUL"]
[SourceTitle "CBM 198 Extra"]
[Source "ChessBase"]
[SourceDate "2020.11.30"]
[SourceVersion "1"]
[SourceVersionDate "2020.11.30"]
[SourceQuality "1"]

1. d4 d6 2. c4 e5 3. d5 a5 4. Nc3 Na6 5. Nf3 g6 6. g3 Bg7 7. h4 h6 8. e4 f5 9. h5 g5 10. exf5 Bxf5 11. Bd3 Qd7 12. Ne4 Nf6 13. Nfd2 Nc5 14. Nxc5 dxc5 15. Qe2 Bxd3 16. Qxd3 Qg4 17. Qe2 Qf5 18. f3 e4 19. g4 Qe5 20. Nxe4 0-0 21. Nxf6+ Qxf6 22. 0-0 Rae8 23. Qc2 Re7 24. Kg2 Qd6 25. Rf2 Bd4 26. Re2 Kh8 27. Rxe7 Qxe7 28. Qe4 Qxe4 29. fxe4 Rf2+ 30. Kg3 Rf1 31. Kg2 Re1 32. Kf3 Kg8 33. Rb1 0-1

[Event "Primorsko op"]
[Site "Primorsko"]
[Date "2020.09.17"]
[Round "4"]
[White "Smolin, Sergey"]
[Black "Georgiev, Todor"]
[Result "0-1"]
[WhiteElo "2123"]
[BlackElo "2296"]
[PlyCount "90"]
[EventDate "2020.09.14"]
[EventType "swiss"]
[EventRounds "9"]
[EventCountry "BUL"]
[SourceTitle "CBM 198 Extra"]
[Source "ChessBase"]
[SourceDate "2020.11.30"]
[SourceVersion "1"]
[SourceVersionDate "2020.11.30"]
[SourceQuality "1"]

1. e4 g6 2. d4 Bg7 3. c3 d5 4. exd5 Qxd5 5. Be2 Nf6 6. Bf3 Qd8 7. Bf4 0-0 8. Nd2 Nbd7 9. Ne2 c5 10. Nc4 cxd4 11. cxd4 Nb6 12. b3 Nfd5 13. Bd2 Be6 14. Rc1 Qd7 15. 0-0 Bg4 16. Nc3 Bxf3 17. Qxf3 Nxc3 18. Bxc3 Rac8 19. Ne5 Qd5 20. Bb2 Bxe5 21. dxe5 Qxf3 22. gxf3 Nd5 23. Ba3 Rfd8 24. Rc4 b5 25. Rd4 e6 26. Rfd1 Rc2 27. R1d2 Rdc8 28. Bd6 Rxd2 29. Rxd2 g5 30. h4 h6 31. hxg5 hxg5 32. Kf1 Kg7 33. Ke2 Rc3 34. Bb8 a6 35. Ba7 Kg6 36. Be3 Kf5 37. Bd4 Rc1 38. Be3 Nxe3 39. Kxe3 Kxe5 40. Rb2 Rc3+ 41. Kd2 Rc8 42. Kd3 f5 43. Re2+ Kf6 44. Kd4 Rc1 45. Kd3 Rf1 0-1

[Event "Plovdiv Tringov Memorial 42nd"]
[Site "Plovdiv"]
[Date "2020.07.18"]
[Round "8"]
[White "Marholev, Dimitar"]
[Black "Georgiev, Todor"]
[Result "0-1"]
[WhiteElo "2155"]
[BlackElo "2281"]
[PlyCount "68"]
[EventDate "2020.07.12"]
[EventType "swiss"]
[EventRounds "9"]
[EventCountry "BUL"]
[SourceTitle "EXT 2022"]
[Source "ChessBase"]
[SourceDate "2021.10.06"]
[SourceVersion "1"]
[SourceVersionDate "2021.10.06"]
[SourceQuality "1"]

1. d4 Nf6 2. c4 d6 3. Nc3 Nbd7 4. e4 e5 5. Nf3 Be7 6. g4 exd4 7. Nxd4 Nc5 8. f3 Nfd7 9. Nf5 Bh4+ 10. Kd2 Bf6 11. Nd5 h5 12. gxh5 Rxh5 13. Kc2 Nb6 14. Nxf6+ Qxf6 15. Ng3 Rh7 16. Be3 Be6 17. b3 0-0-0 18. Bd4 Qf4 19. Be2 f5 20. exf5 Bxf5+ 21. Kc3 Bg6 22. Nf1 Ne6 23. Qd2 c5 24. Qxf4 Nxf4 25. Ng3 cxd4+ 26. Kxd4 Rdh8 27. Ke3 Rh4 28. Rhg1 Re8+ 29. Kd2 Nd7 30. Bd1 Ne5 31. Nf1 d5 32. cxd5 Nxd5 33. Rg5 Rd4+ 34. Kc1 Nd3+ 0-1

[Event "Plovdiv Radulski Memorial 3rd"]
[Site "Plovdiv"]
[Date "2017.10.29"]
[Round "7"]
[White "Marholev, Dimitar"]
[Black "Georgiev, Todor"]
[Result "1-0"]
[WhiteElo "2272"]
[BlackElo "1864"]
[PlyCount "95"]
[EventDate "2017.10.29"]
[EventType "swiss (rapid)"]
[EventRounds "9"]
[EventCountry "BUL"]
[SourceTitle "CBM 181 Extra"]
[Source "ChessBase"]
[SourceDate "2017.12.12"]
[SourceVersion "1"]
[SourceVersionDate "2017.12.12"]
[SourceQuality "1"]

1. e4 g6 2. h4 c6 3. h5 d5 4. hxg6 fxg6 5. Nc3 Bg7 6. d4 dxe4 7. Be3 Nf6 8. Nge2 Bg4 9. Qd2 Nbd7 10. Ng3 Nb6 11. Ncxe4 Nbd5 12. Bh6 Bxh6 13. Qxh6 Qa5+ 14. Qd2 Qxd2+ 15. Kxd2 0-0-0 16. f3 Bf5 17. Nxf5 gxf5 18. Nxf6 Nxf6 19. Ke3 f4+ 20. Kxf4 Rxd4+ 21. Ke3 e5 22. Bd3 Nd5+ 23. Kf2 Rf8 24. Rae1 Nf4 25. Rxh7 Rg8 26. g3 Nxd3+ 27. cxd3 Rxd3 28. Rxe5 Rd2+ 29. Ke3 Rxb2 30. g4 Rxa2 31. Rf7 a5 32. g5 a4 33. Kf4 Rb2 34. Ra5 Rb4+ 35. Kg3 Kb8 36. f4 Rb3+ 37. Kg4 a3 38. f5 Rb2 39. g6 a2 40. Kg5 Rd8 41. g7 Rg2+ 42. Kf6 Rd6+ 43. Ke7 Rd1 44. Rxa2 Re1+ 45. Kf6 Rxa2 46. g8Q+ Ka7 47. Rxb7+ Kxb7 48. Qxa2 1-0